Normal view
MARC view
- Zagalaz Sánchez, María Luisa
Entry Nombre Personal
001 - NUMERO DE CONTROL
- campo de control: 29513
003 - IDENTIFICADOR DE NUMERO DE CONTROL
- campo de control: UPN
005 - FECHA Y HORA DE LA ÜLTIMA TRANSACCIÓN
- campo de control: 20221202121941.0
008 - DATOS DE LONGITUD FIJA
- campo de control de longitud fija: nabaccnnaabn|||||||||| b |nc|||||d
024 7# - OTROS IDENTIFICADORES NORMALIZADOS
- Fuente: orcid
- Número normalizado o código: 0000-0001-6044-8569
035 ## - NUMERO DE CONTROL
- Número de control: UPN11000001619
040 ## - FUENTE DE CATALOGACIÓN
- Lenguaje de catalogación: spa
- Agencia original de catalogación: MX-MxUPN
100 1# - ENCABEZAMIENTO - NOMBRE PERSONAL
- Nombre personal: Zagalaz Sánchez, María Luisa
370 ## - LUGAR ASOCIADO
- Associated country: España
371 ## - DIRECCIÓN
- Electronic mail address: lzagalaz@ujaen.es
372 ## - CAMPO DE ACTIVIDAD
- Field of activity: Educación física
- Field of activity: Expresión cultural
373 ## - GRUPO ASOCIADO
- Associated group: Universidad de Jaén. Departamento de la Expresión Musical, Plástica y Corporal
374 ## - OCUPACIÓN
- Occupation: Profesora - Investigadora universitaria
377 ## - LENGUA ASOCIADA
- Language code: spa
670 ## - FUENTE EN LA QUE SE LOCALIZARON DATOS
- Cita de la fuente: T
- Información localizada: Didáctica de la educación física en la educación primaria
670 ## - FUENTE EN LA QUE SE LOCALIZARON DATOS
- Cita de la fuente: En sitio web: Universidad de Jaén
- Información localizada: (Zagalaz Sánchez, María Luisa)
- Enlace: https://www.ujaen.es/departamentos/didexp/contactos/zagalaz-sanchez-maria-luisa
902 ## - CATALOGADOR
- Catalogador: DAA/110608
- Catalogador: BLSM/021222
